00586nam a2200193Ia 4500001001000000003000500010008004100015010001100056040000900067082002300076110006400099245008100163250002400244260004300268300001100311650002500322650002500347650002000372Para_2296CHAP220125s1988 xx 000 0 und d a200782 cCHAP aPA 641.348 M5 1988 aMinisterio de Agricultura, Pesca y Alimentación. España aLos parásitos de la vid :b estrategia de lucha /c por MAPA-Mundi-prensa a2a. ed. rev. y ampl aMadrid :b El ministerio-Mundi-prensa a276 p. aUva x enfermedades  aVid x enfermedades  aVid x España